|
|
|
|
| LEADER |
01254cam a2200325Ia 4500 |
| 001 |
9780203446997 |
| 003 |
FlBoTFG |
| 005 |
20091230162919.0 |
| 006 |
a|||||s||||||||||| |
| 007 |
cr|||| |
| 008 |
961118s1997 enkabf sb 001 0 eng d |
| 020 |
|
|
|a 9780203446997 (e-book : PDF)
|
| 040 |
|
|
|a FlBoTFG
|c FlBoTFG
|d GrThAP
|
| 043 |
|
|
|a e------
|
| 090 |
|
|
|a GN803
|b .B66 1997
|
| 092 |
|
|
|a 709.0113094
|b B811
|
| 100 |
1 |
|
|a Bradley, Richard,
|d 1946-
|
| 245 |
1 |
0 |
|a Rock art and the prehistory of Atlantic Europe
|h [electronic resource] :
|b signing the land /
|c Richard Bradley.
|
| 260 |
|
|
|a London ;
|a New York :
|b Routledge,
|c 1997.
|
| 300 |
|
|
|a xiv, 238 p., [40] p. of plates :
|b ill., maps.
|
| 504 |
|
|
|a Includes bibliographical references (p. 217-232) and index.
|
| 530 |
|
|
|a Also available in print edition.
|b CRC Press (http://www.crcpress.com)
|
| 538 |
|
|
|a Mode of access: World Wide Web.
|
| 650 |
|
0 |
|a Art, Prehistoric
|z Europe
|z Atlantic Coast.
|
| 650 |
|
0 |
|a Petroglyphs
|z Europe
|z Atlantic Coast.
|
| 650 |
|
0 |
|a Rock paintings
|z Europe
|z Atlantic Coast.
|
| 651 |
|
0 |
|a Atlantic Coast (Europe)
|x Antiquities.
|
| 655 |
|
7 |
|a Electronic books.
|2 lcsh
|
| 776 |
1 |
|
|z 9780415165358
|
| 856 |
4 |
0 |
|u http://www.tandfebooks.com/isbn/9780203446997
|z Full Text via HEAL-Link
|